Central Library OPAC University of Rajshahi

রক্তের দাবি / (Record no. 47909)

MARC details
000 -LEADER
fixed length control field 00794nam a2200229 a 4500
001 - CONTROL NUMBER
control field 47909
003 - CONTROL NUMBER IDENTIFIER
rucl marc code BD-RjUL
005 - DATE AND TIME OF LATEST TRANSACTION
control field 20211209054424.0
008 - FIXED-LENGTH DATA ELEMENTS--GENERAL INFORMATION
fixed length control field 160810s2003 ii ||||| |||| 00| 0 ben d
020 ## - INTERNATIONAL STANDARD BOOK NUMBER
International Standard Book Number 8176160768
Terms of availability : IRs.50.00
035 ## - SYSTEM CONTROL NUMBER
System control number (BD-RjUL)48028
040 ## - CATALOGING SOURCE
Original cataloging agency BD-RjUL
Language of cataloging ben
Transcribing agency BD-RjUL
Modifying agency BD-RjUL
041 ## - LANGUAGE CODE
Language code of text/sound track or separate title ben
082 ## - DEWEY DECIMAL CLASSIFICATION NUMBER
Edition number 23
Classification number 891.443
Author mark and year MIR 2003
100 ## - MAIN ENTRY--PERSONAL NAME
Personal name মিশ্র, জগন্ময়
9 (RLIN) 145392
245 10 - TITLE STATEMENT
Title রক্তের দাবি /
Statement of responsibility, etc. জগন্ময় মিশ্র,
260 ## - PUBLICATION, DISTRIBUTION, ETC. (IMPRINT)
Place of publication, distribution, etc. কলকাতা :
Name of publisher, distributor, etc. মডেল পাবলিশিং হাউস,
Date of publication, distribution, etc. ২০০৩.
300 ## - PHYSICAL DESCRIPTION
Pagination ১২০ পৃ. ;
Size ২২ সেমি.
650 ## - SUBJECT ADDED ENTRY--TOPICAL TERM
Topical term or geographic name as entry element বাংলা উপন্যাস
9 (RLIN) 145393
Topical term or geographic name as entry element Bengali Fiction
9 (RLIN) 119335
942 ## - ADDED ENTRY ELEMENTS (KOHA)
Source of classification or shelving scheme Dewey Decimal Classification
Koha item type Books
Holdings
Lost status Source of classification or shelving scheme Damaged status Not for loan Collection code Permanent Location Current Location Shelving location Date acquired Source of acquisition Cost, normal purchase price Total Checkouts Full call number Date last seen Copy number Koha item type
  Dewey Decimal Classification     Fiction Central Library, University of Rajshahi Central Library, University of Rajshahi   08/03/2008 Paragon Enterprises Dhaka 50.00   B 891.443 MIR 2003 10/08/2016 C-2 Books
  Dewey Decimal Classification     Fiction Central Library, University of Rajshahi Central Library, University of Rajshahi   08/03/2008 Paragon Enterprises Dhaka 50.00   B 891.443 MIR 2003 10/08/2016 C-3 Books
  Dewey Decimal Classification     Fiction Central Library, University of Rajshahi Central Library, University of Rajshahi   08/03/2008 Paragon Enterprises Dhaka 50.00   B 891.443 MIR 2003 10/08/2016 C-4 Books
  Dewey Decimal Classification     Fiction Central Library, University of Rajshahi Central Library, University of Rajshahi   08/03/2008 Paragon Enterprise Ltd.Dhaka. 50.00   B 891.443 MIR 2003 30/10/2016 C-5 Books
  Dewey Decimal Classification   Not For Loan Fiction Central Library, University of Rajshahi Central Library, University of Rajshahi Reading Room 08/03/2008 Paragon Enterprises Dhaka 50.00   B 891.443 MIR 2003 31/01/2017 C-1 Books